La palabra

Detalles Bibliográficos
Autor Corporativo: Universidad Pedagógica y Tecnológica de Colombia
Formato: Electrónico Revista
Lenguaje:español
Publicado: Tunja, Colombia : Universidad Pedagógica y Tecnológica de Colombia
Materias:
Acceso en línea:Full text available from PRISMA Database with HAPI Index: 01/01/2013 to 01/31/2016

MARC

LEADER 00000nas a2200000 i 4500
001 ssj0002023348
003 WaSeSS
005 20200512172242.0
006 m d
007 cr n
008 140122c19uu9999ck fr p s 0 0spa c
010 |a  2018236708 
022 |a 2346-3864  |l 0121-8530 
035 |a (WaSeSS)ssj0002023348 
040 |a CNCGM  |b eng  |e pn  |c CNCGM  |d OCLCQ  |d CUS  |d SINUS  |d OCLCF  |d Z5A  |d NZAUC  |d CUS  |d OCLCQ  |d WY@  |d OCLCQ  |d NOC  |d OCLCO  |d NOC  |d VT2  |d WaSeSS 
042 |a pcc 
050 |a PN6  |b RLP 
082 1 4 |a [E] 
130 0 |a Palabra (Tunja, Colombia) 
222 3 |a La Palabra. 
245 1 3 |a La palabra  |h [electronic resource]. 
246 1 |a Revista la palabra 
260 |a Tunja, Colombia :  |b Universidad Pedagógica y Tecnológica de Colombia 
310 |a Semiannual 
506 |a License restrictions may limit access. 
588 |a Description based on: Nún. 16 (enero/junio 2010); title from jounral homepage (publisher's Web site, viewed June 28, 2018). 
588 |a Latest issue consulted: Núm. 32 (enero/junio de 2018) (publisher's Web site, viewed June 28, 2018). 
650 0 |a Literature  |v Periodicals. 
650 7 |a Literature.  |2 fast  |0 (OCoLC)fst00999953 
655 0 |a Electronic journals. 
710 2 |a Universidad Pedagógica y Tecnológica de Colombia. 
776 0 8 |i Print version:  |t Palabra  |x 0121-8530 
856 4 0 |z Full text available from PRISMA Database with HAPI Index: 01/01/2013 to 01/31/2016  |u https://search.proquest.com/publication/2033852